000 01138cab a2200217 4500
001 L136855
008 070227n2007 000 0 eng u
035 _a(Sirsi) u136855
041 0 _aeng
100 1 _aDodsworth, Catriona
245 _aCourts tighten up the protocol covering construction disputes
260 _c2007
490 0 _aConstruction News
_v(7005) 15 February 2007, 31(1)
520 _aOutlines key changes to the updated "Pre-action protocol for construction and engineering disputes" (J109141), due to come into force on 6 April 2007. These include tightening up timescales, the introduction of a paragraph on proportionality, and the inclusion of the express statement that parties cannot be compelled to take part in alternative dispute resolution procedures. Also provides the background to the original protocol and its general procedure.
590 _aKA
650 2 4 _aMCGLINN V WALTHAM CONTRACTORS AND OTHERS
650 2 4 _aPRE-ACTION PROTOCOL FOR THE CONSTRUCTION AND ENGINEERING DISPUTES
690 _aBUILT ENVIRONMENT
690 _aMANAGEMENT-DISPUTE AVOIDANCE, MANAGEMENT AND RESOLUTION
942 _n0
999 _c78474
_d78474